Wortgemisch - Städte in Bayern - Statistiken

Allgemein
  • Dieses Quiz wurde 687 mal gespielt
    617 seit der letzten Aktualisierung
  • Das Durchschnittsergebnis liegt bei 11 aus 15
Antwortstatistiken
Antwort % Korrekt
Fürth
98%
Hof
98%
München
97%
Würzburg
96%
Nürnberg
94%
Passau
92%
Roth
90%
Dachau
86%
Memmingen
86%
Augsburg
83%
Bayreuth
83%
Kempten
82%
Neu-Ulm
82%
Bamberg
79%
Coburg
78%
Regensburg
75%
Lindau
63%
Aschaffenburg
58%
Freising
58%
Ingolstadt
57%
Schweinfurt
57%
Garmisch-Partenkirchen
55%
Landshut
55%
Deggendorf
52%
Ansbach
50%
Erlangen
49%
Rosenheim
43%
Keine übereinstimmenden Quizze gefunden
Verteilung der Resultate
Anzahl Personen mit jedem Resultat
Perzentil nach korrekt beantworteten Fragen
Ihre Resultats-Entwicklung
Sie haben dieses Quiz seit der letzten Aktualisierung nicht gespielt